000 00649nam a2200193Ia 4500
005 20260114185748.0
008 008 260114s9999 xx 000 0 eng d
020 _a9780567689146
037 _aEBOOK
040 _aCRL
_beng
_cCRL
041 _aeng
_2eng
084 _qCRL
100 _aJoseph McDonald
_9874098
245 0 _aSearching for Sarah in the Second Temple Era Images in the Hebrew Bible, the Septuagint, the Genesis Apocryphon, and the Antiquities
260 _bBloomsbury
_c2020
856 _uhttps://doi.org/10.5040/9780567689146?locatt=label:secondary_bloomsburyCollections
942 _cEBOOK
999 _c1473034
_d1473034